Sustaining life (Registro nro. 7388)
[ vista simple ]
| 000 -CABECERA | |
|---|---|
| Campo de control | 02257nam a22003257a 4500 |
| 005 - FECHA Y HORA DE LA ULTIMA TRANSACCION | |
| Campo de control | 20200104041617.0 |
| 008 - ELEMENTOS DE LONGITUD FIJA—INFORMACION GENERAL | |
| Campo de control | 091119s2008 enkabdo r 001 0 eng d |
| 020 ## - ISBN | |
| ISBN | 9780195175097 |
| 041 0# - IDIOMA | |
| Código de idioma para texto/pista de sonido o título separado | Inglés |
| 082 04 - NUMERO DE CLASIFICACION DECIMAL DEWEY | |
| Número de clasificación | 333.9516 |
| Número del ítem | B53s |
| 245 00 - MENCION DE TITULO | |
| Título | Sustaining life |
| Parte restante del título | how human health depends on biodiversity |
| Mención de responsabilidad | edited by Eric Chivian and Aaron Bernstein ; foreword by Edward O. Wilson ; prologue by Kofi Annan |
| 260 ## - PUBLICACION, DISTRIBUCION, ETC. (PIE DE IMPRENTA) | |
| Lugar de publicación, distribución, etc. | Oxford, UK ; |
| -- | New York |
| Nombre del editor, distribuidor, etc. | Oxford University Press |
| Fecha de publicación, distribución, etc. | 2008. |
| 300 ## - DESCRIPCION FISICA | |
| Extensión | xxiii, 542 p. |
| Otros detalles físicos | ilustraciones (principalmente a color), fotos, mapas y tablas |
| Dimensiones | 29 cm. |
| 500 ## - NOTA GENERAL | |
| Nota general | "Secretariat of the Convention on Biological Diversity; United Nations Development Programme; United Nations Environment Programme; IUCN--The World Conservation Union." |
| 504 ## - NOTA DE BIBLIOGRAFIA, ETC. | |
| Nota de bibliografía | Incluye referencias bibliográficas (p. 445-514) e índice. |
| 505 0# - NOTA DE CONTENIDO | |
| Title | What is biodiversity?. -- |
| -- | How is biodiversity threatened by human activity?. -- |
| -- | Ecosystem services. -- |
| -- | Medicines from nature. -- |
| -- | Biodiversity and biomedical research. -- |
| -- | Threatened groups of organisms valuable to medicine. -- |
| -- | Ecosystem disturbance, biodiversity loss, and human infectious disease. -- |
| -- | Biodiversity and food production. -- |
| -- | Genetically modified foods and organic farming. -- |
| -- | What individuals can do to help conserve biodiversity. -- |
| -- | Treaties, conventions, and intergovernmental organizations for the conservation of biodiversity. -- |
| -- | Nongovernmental organizations working to conserve biodiversity. |
| 590 ## - NOTA LOCAL | |
| Nota local | Nota de uno de los autores en letra imprenta, fechada el 20 de mayo de 2010. |
| 650 14 - ASIENTO SECUNDARIO DE MATERIA - TERMINO TEMATICO | |
| Término temático o nombre geográfico como elemento de entrada | Conservación de la diversidad biológica |
| 650 24 - ASIENTO SECUNDARIO DE MATERIA - TERMINO TEMATICO | |
| Término temático o nombre geográfico como elemento de entrada | Diversidad biológica |
| 650 24 - ASIENTO SECUNDARIO DE MATERIA - TERMINO TEMATICO | |
| Término temático o nombre geográfico como elemento de entrada | Conservación biológica |
| 650 24 - ASIENTO SECUNDARIO DE MATERIA - TERMINO TEMATICO | |
| Término temático o nombre geográfico como elemento de entrada | Saneamiento ambiental |
| 700 1# - ASIENTO SECUNDARIO - NOMBRE PERSONAL | |
| Nombre personal | Chivian, Eric |
| 700 1# - ASIENTO SECUNDARIO - NOMBRE PERSONAL | |
| Nombre personal | Bernstein, Aaron |
| Fechas asociadas con el nombre | 1976- |
| 710 2# - ASIENTO SECUNDARIO - NOMBRE CORPORATIVO | |
| Nombre corporativo o de jurisdicción como elemento de entrada | Secretaría del Convenio sobre la Diversidad Biológica |
| 710 2# - ASIENTO SECUNDARIO - NOMBRE CORPORATIVO | |
| Nombre corporativo o de jurisdicción como elemento de entrada | Programa de las Naciones Unidas para el Desarrollo |
| 710 2# - ASIENTO SECUNDARIO - NOMBRE CORPORATIVO | |
| Nombre corporativo o de jurisdicción como elemento de entrada | Programa de las Naciones Unidas para el Medio Ambiente |
| 710 2# - ASIENTO SECUNDARIO - NOMBRE CORPORATIVO | |
| Nombre corporativo o de jurisdicción como elemento de entrada | UICN--Unión Mundial para la Naturaleza |
| 856 41 - LOCALIZACION Y ACCESO ELECTRONICOS | |
| Nota dirigida al público | Para tabla de contenido presione aquí |
| Identificador Uniforme del Recurso | http://www.loc.gov/catdir/toc/ecip0718/2007020609.html |
| 942 ## - ELEMENTOS ADICIONALES (KOHA) | |
| Sistema de clasificación | Dewey Decimal Classification |
| Tipo de ítem | |
| Koha issues (borrowed), all copies | 1 |
| Withdrawn status | Lost status | Sistema de Clasificación | Damaged status | No para préstamo | Colección | Inventariado | Ubicación Permanente | Ubicación actual | Fecha de adquisición | Fuente de Valor | Valor | Total Checkouts | Total Renewals | Número topográfico | Inventario / Código de Barras | Date last seen | Date checked out | Ejemplar | Price effective from | Forma de adquisición | Tipo de material |
|---|---|---|---|---|---|---|---|---|---|---|---|---|---|---|---|---|---|---|---|---|---|
| Dewey Decimal Classification | General | Inventariado 2017 | Bogotá | Bogotá | 17/07/2013 | Instituto | 39000.00 | 1 | 1 | LB 333.9516 B53s | 028328 | 27/03/2015 | 28/01/2015 | Ej. 1 | 17/07/2013 | Libro |